000 00384nam a2200157Ia 4500
003 Ost
005 20260225132548.0
008 260225s9999||||xx |||||||||||||| ||und||
040 _cfsic
041 _afre
082 _a440
100 _aChristiane Achour
_eAuteur
245 0 _aLecture Critique cours de la division de français /
245 0 _cChristiane Achour
942 _cكتاب
999 _c33971
_d33971